Movies at the Half-Hour Mark (1990s II) Quiz Stats

 Plays Quiz Updated Jul 25, 2017

Support Sporcle.
Go Orange.
Score 0/20 Timer 05:00
0 Plays Today
% Correct
Teenage Mutant Ninja Turtles
95.5%
Fight Club
91.4%
Pulp Fiction
91.2%
The Matrix
90%
Pretty Woman
89.4%
Good Will Hunting
86.1%
Men in Black
80%
Trainspotting
74.6%
Fargo
68.2%
Clerks
67.3%
% Correct
Leon: The Professional
62.5%
Hocus Pocus
58.6%
Boogie Nights
48.4%
Boyz n the Hood
46.8%
Run Lola Run
40.9%
The Iron Giant
21.2%
That Thing You Do!
18.2%
Glengarry Glen Ross
16.2%
Election
13.5%
Bottle Rocket
9.7%

You're not logged in!

Compare scores with friends on all Sporcle quizzes.
OR
Log In
Forgot?

From the Vault

Actors by Role

by JohnJF

Han Solo and Indiana Jones would have been just a tad too easy for this quiz.
Remove Ads.
Support Sporcle.
Get the best of Sporcle when you Go Orange. This ad-free experience offers more features, more stats, and more fun while also helping to support Sporcle. Thank you for becoming a member.

Show Comments

Extras

Top Quizzes Today


Score Distribution

Your Account Isn't Verified!

In order to create a playlist on Sporcle, you need to verify the email address you used during registration. Go to your Sporcle Settings to finish the process.

Report this User

Report this user for behavior that violates our Community Guidelines.

Details: